Upkars UGC NET/JRF/SET: commerce paper III (Record no. 143916)

MARC details
000 -LEADER
fixed length control field 00531nam a2200217Ia 4500
003 - CONTROL NUMBER IDENTIFIER
control field OSt
005 - DATE AND TIME OF LATEST TRANSACTION
control field 20251003164123.0
008 - FIXED-LENGTH DATA ELEMENTS--GENERAL INFORMATION
fixed length control field 210210b2011 xxu||||| |||| 00| 0 eng d
020 ## - INTERNATIONAL STANDARD BOOK NUMBER
International Standard Book Number 9788174821478
040 ## - CATALOGING SOURCE
Transcribing agency AL
041 ## - LANGUAGE CODE
Language code of text/sound track or separate title eng
082 ## - DEWEY DECIMAL CLASSIFICATION NUMBER
Classification number 380.02 KOLU
100 ## - MAIN ENTRY--PERSONAL NAME
Personal name Koli L N
9 (RLIN) 241428
245 ## - TITLE STATEMENT
Title Upkars UGC NET/JRF/SET: commerce paper III
260 ## - PUBLICATION, DISTRIBUTION, ETC.
Place of publication, distribution, etc. Agra
Name of publisher, distributor, etc. Upkar prakashan,
Date of publication, distribution, etc. 2011
300 ## - PHYSICAL DESCRIPTION
Extent vii,951p
650 ## - SUBJECT ADDED ENTRY--TOPICAL TERM
Topical term or geographic name entry element Commerce
9 (RLIN) 241433
690 ## - LOCAL SUBJECT ADDED ENTRY--TOPICAL TERM (OCLC, RLIN)
Topical term or geographic name as entry element UGC/NET Exams
9 (RLIN) 241435
906 ## - LOCAL DATA ELEMENT F, LDF (RLIN)
a 065532
942 ## - ADDED ENTRY ELEMENTS (KOHA)
Source of classification or shelving scheme Dewey Decimal Classification
Koha item type Book
Holdings
Withdrawn status Lost status Damaged status Not for loan Collection code Home library Current library Shelving location Date acquired Source of acquisition Cost, normal purchase price Total Checkouts Full call number Barcode Date last seen Price effective from Koha item type
          St Aloysius Library St Aloysius Library   02/17/2021 Higginbothams Private Limited 545.00   380.02 KOLU 065533 02/17/2021 02/17/2021 Book
          St Aloysius Library St Aloysius Library   02/17/2021 Higginbothams Private Limited 545.00   380.02 KOLU 065532 02/17/2021 02/17/2021 Book